Supportive teacher talk : the importance of the F-move (Registro nro. 399448)

Detalles MARC
001 - NÚMERO DE CONTROL
campo de control 999259
005 - FECHA Y HORA DE LA ÚLTIMA TRANSACCIÓN
campo de control 20240227091216.0
008 - DATOS DE LONGITUD FIJA--INFORMACIÓN GENERAL
campo de control de longitud fija 061020s2002 eng
035 ## - NÚMERO DE CONTROL DEL SISTEMA
Número de control de sistema 999259
035 ## - NÚMERO DE CONTROL DEL SISTEMA
Número de control de sistema (OCoLC)820373806
040 ## - FUENTE DE LA CATALOGACIÓN
Centro/agencia transcriptor comduadb
041 ## - CÓDIGO DE LENGUA
Código de lengua del texto/banda sonora o título independiente eng
100 10 - ENTRADA PRINCIPAL--NOMBRE DE PERSONA
Nombre de persona Cullen, Richard
Código de función aut
Término indicativo de función/relación Autor/a
9 (RLIN) 518749
245 10 - MENCIÓN DE TÍTULO
Título Supportive teacher talk : the importance of the F-move
260 ## - PUBLICACIÓN, DISTRIBUCIÓN, ETC.
Fecha de publicación, distribución, etc. 2002.
650 ## - PUNTO DE ACCESO ADICIONAL DE MATERIA--TÉRMINO DE MATERIA
Término de materia o nombre geográfico como elemento de entrada Feedback (Learning)
9 (RLIN) 82368
650 ## - PUNTO DE ACCESO ADICIONAL DE MATERIA--TÉRMINO DE MATERIA
Término de materia o nombre geográfico como elemento de entrada Retroalimentación (Aprendizaje)
9 (RLIN) 6785
650 ## - PUNTO DE ACCESO ADICIONAL DE MATERIA--TÉRMINO DE MATERIA
Término de materia o nombre geográfico como elemento de entrada Interaction in education
9 (RLIN) 124180
650 ## - PUNTO DE ACCESO ADICIONAL DE MATERIA--TÉRMINO DE MATERIA
Término de materia o nombre geográfico como elemento de entrada Teacher student relationship
9 (RLIN) 170416
650 #7 - PUNTO DE ACCESO ADICIONAL DE MATERIA--TÉRMINO DE MATERIA
Término de materia o nombre geográfico como elemento de entrada Relaciones maestro-estudiante
Fuente del encabezamiento o término armarc
9 (RLIN) 221712
773 0# - ENLACE AL DOCUMENTO FUENTE/ENTRADA DE REGISTRO ANFITRIÓN
Título ELT Journal (United States)
Parte(s) relacionada(s) Vol. 56, No. 02, Apr. 2002, p. 117-127
Número de control del registro 684079
Número Internacional Normalizado para Publicaciones Seriadas 0951-0893
Número bibliográfico anfitrión 204158
942 ## - ELEMENTOS DE ENTRADA AGREGADA (KOHA)
Tipo de ítem Koha Artículo de Revista

No hay ítems disponibles.